000 00261nam a2200109Ia 4500
008 190912s9999||||xx |||||||||||||| ||und||
100 _aDiane Rowland
245 0 _aInformation Technology Law
260 _aLondon
_bMcGraw-Hill
_c1997
300 _a405
942 _cBK
999 _c7440
_d7440